000 00947nam a22002651u 4500
001 06069
003 HDC
007 cr bn ---
008 210122p xx fo d 00 engg
040 _aHDC
110 _aMalaysian Investment Development Authority
245 0 _aINVESTMENT OPPORTUNITIES IN THE FOOD INDUSTRY IN MALAYSIA/
_cby Malaysian Investment Development Authority
260 _a[No place] :
_b[publisher not identified],
_c2014
300 _a38 pages :
_bIllustrations
336 _atext
_2rdacontent
337 _acomputer
_2rdamedia
338 _aonline resource
_2rdacarrier
650 _aEconomy
_zMalaysia
_91849
650 _aFood industry
_9536
650 _aHalal industry
_9144
856 _zRequest full-text at [email protected]
942 _2lcc
942 _cSLIDE
942 _kSLID 000667
999 _c3393
_d3393